[Event "GEO World Cup Final U12 Girls"]
[Site "Batumi"]
[Date "2024.07.01"]
[Round "1"]
[White "Li, Sophie"]
[Black "Mirzaliyeva, Leyla"]
[Result "1-0"]
[WhiteElo "1748"]
[BlackElo "1552"]
[PlyCount "163"]
[EventDate "2024.07.01"]
[EventType "match"]
[EventRounds "6"]
[EventCountry "GEO"]
[SourceTitle "EXT 2025"]
[Source "ChessBase"]
[SourceDate "2024.10.14"]
[SourceVersion "1"]
[SourceVersionDate "2024.10.14"]
[SourceQuality "1"]

1. e4 c5 2. d4 cxd4 3. Qxd4 Nc6 4. Qd3 Nf6 5. Nc3 e6 6. Nf3 Bc5 7. Be2 Ng4 8. 0-0 Qb6 9. Nd1 0-0 10. h3 Nb4 11. Qb3 Nf6 12. Nc3 d5 13. Na4 Qc7 14. Nxc5 Qxc5 15. c3 Nc6 16. e5 Ne4 17. Be3 Qe7 18. c4 d4 19. Nxd4 Nxe5 20. Qc2 f5 21. Nf3 Nc6 22. Rad1 e5 23. a3 Nf6 24. b4 b6 25. c5 f4 26. cxb6 Nxb4 27. Qc5 Nbd5 28. Bc4 Qxc5 29. Bxc5 Bb7 30. Bxf8 Kxf8 31. Nxe5 Nxb6 32. Bb5 Nfd5 33. Nd7+ Nxd7 34. Bxd7 Ke7 35. Bf5 Nf6 36. Rfe1+ Kf7 37. Rc1 Nd5 38. Be6+ Kf6 39. Bxd5 Bxd5 40. Rc7 h5 41. Ree7 g6 42. Rxa7 Rb8 43. Red7 Be6 44. Rd6 Ke5 45. Raa6 Bf5 46. Rdb6 Rd8 47. Ra5+ Ke4 48. Rb4+ Kd3 49. Rxf5 gxf5 50. Rxf4 Rd5 51. Rh4 Ke2 52. Rxh5 Rd1+ 53. Kh2 Kxf2 54. Rxf5+ Ke3 55. Rf3+ Ke4 56. h4 Rd8 57. Kg3 Rg8+ 58. Kf2 Rc8 59. h5 Rh8 60. g4 Rb8 61. h6 Rb2+ 62. Kg3 Rb1 63. Rf2 Rb3+ 64. Kh4 Rxa3 65. h7 Ra1 66. Rh2 Ra8 67. Kg5 Ra5+ 68. Kf6 Ra6+ 69. Ke7 Ra7+ 70. Kd6 Ra6+ 71. Kc7 Ra7+ 72. Kb6 Rg7 73. h8Q Rg6+ 74. Kc7 Ra6 75. Qe8+ Kf4 76. Qc8 Ra7+ 77. Kb6 Rf7 78. Rf2+ Kg3 79. Rxf7 Kh4 80. Rh7+ Kg3 81. Rh3+ Kg2 82. g5 1-0

[Event "GEO World Cup-A U12 Girls"]
[Site "Batumi"]
[Date "2024.06.29"]
[Round "7"]
[White "Mirzaliyeva, Leyla"]
[Black "Zavivaeva, Kristina"]
[Result "0-1"]
[WhiteElo "1548"]
[BlackElo "1666"]
[PlyCount "116"]
[EventDate "2024.06.23"]
[EventType "swiss"]
[EventRounds "7"]
[EventCountry "GEO"]
[SourceTitle "EXT 2025"]
[Source "ChessBase"]
[SourceDate "2024.10.14"]
[SourceVersion "1"]
[SourceVersionDate "2024.10.14"]
[SourceQuality "1"]

1. e4 e5 2. Nf3 Nc6 3. Bb5 a6 4. Ba4 d6 5. d4 Bd7 6. Nc3 Nf6 7. Bg5 b5 8. dxe5 dxe5 9. Bb3 Be7 10. 0-0 0-0 11. Bxf6 Bxf6 12. Nd5 Bg4 13. c3 Na5 14. Qe2 Nxb3 15. axb3 c6 16. Nb4 Qb6 17. Qe3 Qb7 18. Nd3 Qc7 19. Nc5 a5 20. h3 Bh5 21. g4 Bg6 22. Rfd1 Rfd8 23. h4 Be7 24. b4 Bxc5 25. bxc5 f6 26. g5 Qe7 27. Kh2 fxg5 28. Nxg5 h6 29. Nf3 Bh5 30. Rxd8+ Rxd8 31. Rxa5 Rf8 32. Ng1 Qxh4+ 33. Kg2 Rf4 34. Ra8+ Kh7 35. f3 Bxf3+ 36. Nxf3 Rg4+ 37. Kf1 Qh1+ 38. Ng1 Qg2+ 39. Ke1 Rxe4 40. Qxe4+ Qxe4+ 41. Ne2 h5 42. Kf2 h4 43. Rf8 h3 44. Rf3 Qh4+ 45. Ng3 e4 46. Rf5 h2 47. Kg2 Qxg3+ 48. Kxg3 h1Q 49. Kf2 Qh2+ 50. Ke3 Qxb2 51. Kxe4 Qxc3 52. Rh5+ Kg8 53. Rf5 b4 54. Kf4 b3 55. Kg5 Qg3+ 56. Kh5 g6+ 57. Kh6 gxf5 58. Kh5 b2 0-1

[Event "GEO World Cup-A U12 Girls"]
[Site "Batumi"]
[Date "2024.06.27"]
[Round "5"]
[White "Mirzaliyeva, Leyla"]
[Black "Kaminska, Zuzanna"]
[Result "1/2-1/2"]
[WhiteElo "1548"]
[BlackElo "1848"]
[PlyCount "24"]
[EventDate "2024.06.23"]
[EventType "swiss"]
[EventRounds "7"]
[EventCountry "GEO"]
[SourceTitle "EXT 2025"]
[Source "ChessBase"]
[SourceDate "2024.10.14"]
[SourceVersion "1"]
[SourceVersionDate "2024.10.14"]
[SourceQuality "1"]

1. e4 e5 2. Nf3 Nc6 3. Bb5 a6 4. Ba4 Nf6 5. d4 exd4 6. e5 Ne4 7. Nxd4 Nxf2 8. Kxf2 Qh4+ 9. Ke3 Nxe5 10. Qe1 Qg5+ 11. Kf2 Qh4+ 12. Ke3 Qg5+ 1/2-1/2

[Event "GEO World Cup-A U12 Girls"]
[Site "Batumi"]
[Date "2024.06.25"]
[Round "3"]
[White "Mirzaliyeva, Leyla"]
[Black "Lu, Xiahan Luna"]
[Result "0-1"]
[WhiteElo "1548"]
[BlackElo "1859"]
[PlyCount "90"]
[EventDate "2024.06.23"]
[EventType "swiss"]
[EventRounds "7"]
[EventCountry "GEO"]
[SourceTitle "EXT 2025"]
[Source "ChessBase"]
[SourceDate "2024.10.14"]
[SourceVersion "1"]
[SourceVersionDate "2024.10.14"]
[SourceQuality "1"]

1. e4 e6 2. d3 d5 3. Nd2 Be7 4. Ngf3 Nf6 5. e5 Nfd7 6. c3 c5 7. Be2 Nc6 8. d4 0-0 9. 0-0 f6 10. exf6 Nxf6 11. Ne5 cxd4 12. Nxc6 bxc6 13. cxd4 c5 14. Nf3 Qc7 15. h3 cxd4 16. Nxd4 e5 17. Nb5 Qc6 18. Be3 d4 19. Rc1 Qd7 20. Rc7 Qd8 21. Bd2 a6 22. Ra7 Rb8 23. Nc7 Bc5 24. Nxa6 Bxa7 25. Nxb8 Qb6 26. Bc4+ Kh8 27. a3 Bxb8 28. b4 Bb7 29. b5 e4 30. Qe1 Qc7 31. g3 Qxc4 32. Qb1 e3 33. fxe3 dxe3 34. Qb4 Qxb4 35. Bxb4 e2 36. Re1 Ba7+ 37. Kh2 Re8 38. a4 Bf2 39. Rc1 e1Q 40. Bxe1 Bxe1 41. Rc7 Bf3 42. b6 Re2+ 43. Kg1 Bxg3 44. Rc8+ Ng8 45. Rc1 Rh2 0-1

[Event "EU-ch U10 Girls 30th"]
[Site "Antalya"]
[Date "2022.11.13"]
[Round "8"]
[White "Zavivaeva, Kristina"]
[Black "Mirzaliyeva, Leyla"]
[Result "1-0"]
[WhiteElo "1313"]
[BlackElo "1226"]
[PlyCount "91"]
[EventDate "2022.11.06"]
[EventType "swiss"]
[EventRounds "9"]
[EventCountry "TUR"]
[SourceTitle "CBM 211 Extra"]
[Source "ChessBase"]
[SourceDate "2023.01.31"]
[SourceVersion "1"]
[SourceVersionDate "2023.01.31"]
[SourceQuality "1"]

1. e4 c5 2. Nc3 d6 3. d4 cxd4 4. Qxd4 Nc6 5. Qd2 Nf6 6. b3 e6 7. Bb2 Be7 8. 0-0-0 0-0 9. Kb1 b6 10. f4 Bb7 11. g4 Nxg4 12. Nf3 Kh8 13. Rg1 Nh6 14. Qg2 Rg8 15. Nb5 Qf8 16. Qh3 f6 17. Nc7 Rc8 18. Nxe6 Qf7 19. Bc4 Na5 20. Neg5 Qf8 21. Bxg8 Qxg8 22. Ne6 Bf8 23. Bxf6 Bxe4 24. Nxf8 Rxc2 25. Ng6+ hxg6 26. Qxh6+ Qh7 27. Qxh7+ Kxh7 28. Ng5+ Kh8 29. Nxe4 Re2 30. Ng3 Re6 31. Bc3 Nb7 32. Rge1 Rxe1 33. Rxe1 Nc5 34. Re8+ Kh7 35. Ne4 Nxe4 36. Rxe4 d5 37. Re7 d4 38. Bxd4 Kg8 39. Rxg7+ Kf8 40. Rb7 Kg8 41. Kc2 Kf8 42. Kd3 Kg8 43. Ke4 Kf8 44. Kd5 Kg8 45. Ke6 Kf8 46. Rb8# 1-0

[Event "EU-ch U10 Girls 30th"]
[Site "Antalya"]
[Date "2022.11.10"]
[Round "5"]
[White "Mirzaliyeva, Leyla"]
[Black "Harutyunyan, Gabriela"]
[Result "1-0"]
[WhiteElo "1226"]
[BlackElo "1201"]
[PlyCount "71"]
[EventDate "2022.11.06"]
[EventType "swiss"]
[EventRounds "9"]
[EventCountry "TUR"]
[SourceTitle "CBM 211 Extra"]
[Source "ChessBase"]
[SourceDate "2023.01.31"]
[SourceVersion "1"]
[SourceVersionDate "2023.01.31"]
[SourceQuality "1"]

1. e4 c5 2. Nf3 e6 3. d4 cxd4 4. Nxd4 a6 5. Nc3 b5 6. Be3 Bb7 7. Bd3 Nc6 8. 0-0 Nge7 9. Qg4 Ng6 10. Nxc6 Bxc6 11. f4 Bd6 12. Rad1 b4 13. Ne2 Bb8 14. Bd4 0-0 15. f5 exf5 16. exf5 Ne5 17. Qh3 Qg5 18. Be3 Qg4 19. Nd4 Ba7 20. Be2 Qe4 21. Rf4 Qd5 22. f6 Rfe8 23. Qg3 Ng6 24. Rf2 Qe4 25. Rd3 Bb5 26. Bf3 Qe5 27. Qxe5 Nxe5 28. Rd1 Nxf3+ 29. Rxf3 Re4 30. fxg7 Rc8 31. Kf2 Rc4 32. Nf5 Rxc2+ 33. Kg3 Bb8+ 34. Kh3 Bc6 35. Bd4 Ree2 36. Nh6# 1-0